各都道府県の「村」の読み - Statistics

General Stats
  • This quiz has been taken 40 times
  • The average score is 27 of 34
Answer Stats
Question Answer % Correct
青森県 むら
89%
宮城県 むら
89%
秋田県 むら
89%
愛知県 むら
89%
岩手県 むら
86%
山形県 むら
86%
茨城県 むら
86%
東京都 むら
86%
神奈川県 むら
86%
長野県 むら
86%
岐阜県 むら
86%
群馬県 むら
84%
埼玉県 むら
84%
千葉県 むら
84%
新潟県 むら
84%
富山県 むら
84%
山梨県 むら
84%
京都府 むら
84%
和歌山県 むら
84%
福島県 むら
81%
大阪府 むら
81%
奈良県 むら
81%
大分県 むら
81%
福岡県 むら
78%
北海道 むら
76%
島根県 むら
73%
高知県 むら
73%
沖縄県 そん
70%
熊本県 むら
68%
鳥取県 そん
65%
鹿児島県 混在
65%
岡山県 そん
59%
宮崎県 そん
57%
徳島県 そん
54%
No matching quizzes found
Score Distribution
Percent of People with Each Score
Percentile by Number Answered
Your Score History
You have not taken this quiz